|
|
|
|
| LEADER |
02694nam a22004935i 4500 |
| 001 |
978-0-387-93877-6 |
| 003 |
DE-He213 |
| 005 |
20151204155008.0 |
| 007 |
cr nn 008mamaa |
| 008 |
100530s2009 xxu| s |||| 0|eng d |
| 020 |
|
|
|a 9780387938776
|9 978-0-387-93877-6
|
| 024 |
7 |
|
|a 10.1007/978-0-387-93877-6
|2 doi
|
| 040 |
|
|
|d GrThAP
|
| 050 |
|
4 |
|a QH345
|
| 050 |
|
4 |
|a QD415-436
|
| 072 |
|
7 |
|a PSB
|2 bicssc
|
| 072 |
|
7 |
|a SCI007000
|2 bisacsh
|
| 082 |
0 |
4 |
|a 572
|2 23
|
| 100 |
1 |
|
|a Segev, Nava.
|e author.
|
| 245 |
1 |
0 |
|a Trafficking Inside Cells
|h [electronic resource] :
|b Pathways, Mechanisms and Regulation /
|c by Nava Segev.
|
| 264 |
|
1 |
|a New York, NY :
|b Springer New York,
|c 2009.
|
| 300 |
|
|
|a XXI, 445 p. 4 illus. in color.
|b online resource.
|
| 336 |
|
|
|a text
|b txt
|2 rdacontent
|
| 337 |
|
|
|a computer
|b c
|2 rdamedia
|
| 338 |
|
|
|a online resource
|b cr
|2 rdacarrier
|
| 347 |
|
|
|a text file
|b PDF
|2 rda
|
| 490 |
1 |
|
|a Molecular Biology Intelligence Unit
|
| 505 |
0 |
|
|a Compartments and Pathways -- Overview of Intracellular Compartments and Trafficking Pathways -- How We Study Protein Transport -- The Golgi Apparatus -- The Endocytic Pathway -- Regulated Secretion -- Mechanisms -- Overview of Protein Trafficking Mechanisms -- Entry into the Endoplasmic Reticulum: Protein Translocation, Folding and Quality Control -- COP-Mediated Vesicle Transport -- Clathrin-Mediated Endocytosis -- Biogenesis of Dense-Core Secretory Granules -- Lipid-Dependent Membrane Remodelling in Protein Trafficking -- Carrier Motility -- Tethering Factors -- Intracellular Membrane Fusion -- Regulation and Coordination with Other Cellular Processes -- Regulation and Coordination of Intracellular Trafficking: An Overview -- Regulation of Protein Trafficking by GTP-Binding Proteins -- Posttranslational Control of Protein Trafficking in the Post-Golgi Secretory and Endocytic Pathway -- Actin Doesn’t Do the Locomotion: Secretion Drives Cell Polarization -- Intracellular Trafficking and Signaling: The Role of Endocytic Rab GTPase -- The Exocytic Pathway and Development.
|
| 650 |
|
0 |
|a Life sciences.
|
| 650 |
|
0 |
|a Medical microbiology.
|
| 650 |
|
0 |
|a Biochemistry.
|
| 650 |
|
0 |
|a Cell biology.
|
| 650 |
1 |
4 |
|a Life Sciences.
|
| 650 |
2 |
4 |
|a Biochemistry, general.
|
| 650 |
2 |
4 |
|a Cell Biology.
|
| 650 |
2 |
4 |
|a Biomedicine general.
|
| 650 |
2 |
4 |
|a Medical Microbiology.
|
| 710 |
2 |
|
|a SpringerLink (Online service)
|
| 773 |
0 |
|
|t Springer eBooks
|
| 776 |
0 |
8 |
|i Printed edition:
|z 9780387938769
|
| 830 |
|
0 |
|a Molecular Biology Intelligence Unit
|
| 856 |
4 |
0 |
|u http://dx.doi.org/10.1007/978-0-387-93877-6
|z Full Text via HEAL-Link
|
| 912 |
|
|
|a ZDB-2-SBL
|
| 950 |
|
|
|a Biomedical and Life Sciences (Springer-11642)
|